[Event "CZE-chT U18 Extraliga Ost 1819"]
[Site "Czech Republic"]
[Date "2018.10.06"]
[Round "1.5"]
[White "Krizek, Krystof"]
[Black "Dudova, Pavlina"]
[Result "1-0"]
[WhiteElo "1675"]
[BlackElo "1457"]
[PlyCount "71"]
[EventDate "2018.10.05"]
[EventType "team-tourn"]
[EventRounds "11"]
[EventCountry "CZE"]
[SourceTitle "EXT 2023"]
[Source "ChessBase"]
[SourceDate "2022.10.05"]
[SourceVersion "1"]
[SourceVersionDate "2022.10.05"]
[SourceQuality "1"]
[WhiteTeam "Vlasim (U18)"]
[BlackTeam "Frydek Mistek BSS (U18) II"]
[WhiteTeamCountry "CZE"]
[BlackTeamCountry "CZE"]

1. e4 e5 2. Nf3 Nc6 3. Bc4 Nf6 4. d3 Be7 5. c3 0-0 6. 0-0 d6 7. Bb3 Na5 8. Bc2 c5 9. Re1 Nc6 10. Nbd2 Re8 11. Nf1 Bf8 12. Ng3 a6 13. d4 cxd4 14. cxd4 Bg4 15. Be3 Rc8 16. Bb3 Bxf3 17. gxf3 b5 18. Nf5 a5 19. a4 b4 20. Kh1 Ne7 21. dxe5 Nxf5 22. exf6 Qxf6 23. exf5 Qxf5 24. Rg1 Qh3 25. Qd5 Re7 26. Rg3 Qe6 27. Qd3 Qd7 28. Rag1 Kh8 29. Bd4 f6 30. Bc2 f5 31. Rh3 h6 32. Rxh6+ Kg8 33. Bb3+ Rf7 34. Rhg6 Kh7 35. Bxf7 Qxf7 36. Bxg7 1-0

[Event "EU Union-ch U14"]
[Site "Kouty nad Desnou"]
[Date "2018.08.07"]
[Round "1"]
[White "Jares, Michal"]
[Black "Dudova, Pavlina"]
[Result "1-0"]
[WhiteElo "1897"]
[BlackElo "1465"]
[PlyCount "85"]
[EventDate "2018.08.07"]
[EventType "swiss"]
[EventRounds "9"]
[EventCountry "CZE"]
[SourceTitle "CBM 186 Extra"]
[Source "ChessBase"]
[SourceDate "2018.08.24"]
[SourceVersion "1"]
[SourceVersionDate "2018.08.24"]
[SourceQuality "1"]

1. d4 d5 2. Nf3 Nf6 3. g3 e6 4. Bg2 Bd6 5. 0-0 0-0 6. c4 c6 7. Nc3 Nbd7 8. Nd2 Re8 9. e4 dxe4 10. Ndxe4 Nxe4 11. Nxe4 Bc7 12. Bg5 f6 13. Be3 Nb6 14. Qb3 e5 15. d5 cxd5 16. cxd5 f5 17. d6+ Be6 18. dxc7 Qxc7 19. Bxb6 axb6 20. Qc3 Qe7 21. Nd2 e4 22. Rfd1 Rac8 23. Qe3 b5 24. Nb3 Bf7 25. Nd4 Qe5 26. Qf4 Qxf4 27. gxf4 Rc5 28. Rac1 Rec8 29. Rxc5 Rxc5 30. Nxf5 Bxa2 31. Bxe4 Be6 32. Ne3 b6 33. f5 Bc4 34. Rd7 Re5 35. Bd5+ Bxd5 36. Rxd5 Rxd5 37. Nxd5 Kf7 38. Kg2 g6 39. f6 Ke6 40. Kf3 h6 41. Ke4 g5 42. h3 h5 43. f3 1-0

[Event "Morava-ch U14"]
[Site "Loucna nad Desnou"]
[Date "2017.10.29"]
[Round "9"]
[White "Nedela, Adam"]
[Black "Dudova, Pavlina"]
[Result "1/2-1/2"]
[WhiteElo "1450"]
[BlackElo "1325"]
[PlyCount "55"]
[EventDate "2017.10.24"]
[EventType "swiss"]
[EventRounds "9"]
[EventCountry "CZE"]
[SourceTitle "EXT 2020"]
[Source "ChessBase"]
[SourceDate "2019.10.17"]
[SourceVersion "1"]
[SourceVersionDate "2019.10.17"]
[SourceQuality "1"]

1. Nf3 d5 2. g3 c6 3. Bg2 Nf6 4. 0-0 Nbd7 5. d4 e6 6. Nc3 Bd6 7. Re1 0-0 8. e4 dxe4 9. Nxe4 Be7 10. Bf4 Nd5 11. Bd6 Bxd6 12. Nxd6 Qc7 13. Ne4 N7f6 14. Nxf6+ Nxf6 15. Qe2 Rd8 16. Qe5 Qxe5 17. dxe5 Nd5 18. c4 Nb6 19. b3 Bd7 20. Rad1 Be8 21. Kf1 Kf8 22. Ke2 Ke7 23. Nd2 Rd7 24. Ne4 Rad8 25. Nc5 Rc7 26. Rxd8 Kxd8 27. Rd1+ Ke7 28. Ke3 1/2-1/2

[Event "CZE-ch U12 Girls"]
[Site "Kouty nad Desnou"]
[Date "2017.03.16"]
[Round "7"]
[White "Stastna, Martina"]
[Black "Dudova, Pavlina"]
[Result "1-0"]
[WhiteElo "1401"]
[BlackElo "1257"]
[PlyCount "95"]
[EventDate "2017.03.11"]
[EventType "swiss"]
[EventRounds "9"]
[EventCountry "CZE"]
[SourceTitle "CBM 177 Extra"]
[Source "ChessBase"]
[SourceDate "2017.04.27"]
[SourceVersion "1"]
[SourceVersionDate "2017.04.27"]
[SourceQuality "1"]

1. e4 e5 2. Nf3 Nc6 3. Bb5 Nf6 4. 0-0 d6 5. c3 Be7 6. Re1 0-0 7. d4 exd4 8. cxd4 Bd7 9. Nc3 Re8 10. Bg5 h6 11. Bh4 a6 12. Ba4 b5 13. Bc2 Bg4 14. Qd3 Nb4 15. Qd2 Nxc2 16. Qxc2 Nh7 17. Bxe7 Qxe7 18. Nd5 Qd7 19. Qxc7 Rac8 20. Qxd7 Bxd7 21. Nb6 Rc7 22. Nxd7 Rxd7 23. Rac1 Rde7 24. Nd2 Nf6 25. f3 Nh7 26. f4 f5 27. e5 dxe5 28. dxe5 g5 29. g3 gxf4 30. gxf4 Nf6 31. Kf2 Ng4+ 32. Kg3 Rg7 33. Kh4 Nxh2 34. Rg1 Ng4 35. Nb3 Re6 36. Nd4 Rgg6 37. Nxe6 Rxe6 38. Rc7 Kf8 39. Rd1 Re8 40. Rd6 Ra8 41. Rcd7 Ke8 42. Rh7 Rd8 43. Rh8+ Kf7 44. Rhxd8 Ke7 45. R8d7+ Ke8 46. Ra7 a5 47. Rb6 Kd8 48. Rb8# 1-0